San Salvador Airport Destinations (San Salvador, El Salvador) - Statistics

General Stats
  • This quiz has been taken 13 times
  • The average score is 2 of 6
Answer Stats
Airline Destination % Correct
Bahamasair Nassau
100%
Air Canada Rouge Montréal (Trudeau)
67%
Bahamasair Miami
44%
Air Caraïbes Paris (Orly)
11%
Bahamasair Deadman's Cay
0%
Bahamasair Rock Sound
0%
No matching quizzes found
Score Distribution
Percent of People with Each Score
Percentile by Number Answered
Your Score History
You have not taken this quiz